000 00422nam a2200181Ia 4500
008 210210b xxu||||| |||| 00| 0 eng d
041 _aeng
082 _a382/10
100 _aCHAKRAVARTI (B)
245 _aTheories and practice of auditing
260 _aCalcutta
_bBook Corporation,
_c
300 _aii,144
650 _aTheories
650 _apractice
650 _aauditing
690 _aAuditing
906 _a005180
999 _c125007
_d125007